Economic reforms in India and China / (Record no. 53982)

MARC details
000 -LEADER
fixed length control field 02909nam a22003497a 4500
005 - DATE AND TIME OF LATEST TRANSACTION
control field 20110719100853.0
010 ## - LCCN (DPL NO)
LC control number ENG-103035 B-459169-178
020 ## - INTERNATIONAL STANDARD BOOK NUMBER
International Standard Book Number 9788184246834
Terms of availability 1050.00
035 ## - SYSTEM CONTROL NUMBER
System control number EN-86568 B-459169-178
037 ## - SOURCE OF ACQUISITION
Source of stock number/acquisition DBAD/PUB
037 ## - SOURCE OF ACQUISITION
Source of stock number/acquisition Allied Pub/Ven
082 ## - DEWEY DECIMAL CLASSIFICATION NUMBER
Classification number 338.951
100 ## - MAIN ENTRY--PERSONAL NAME
Personal name Mishra, R.K.
245 ## - TITLE STATEMENT
Title Economic reforms in India and China /
Statement of responsibility, etc by R.K. Mishra [and] Zhou Shaopeng
260 ## - PUBLICATION, DISTRIBUTION, ETC. (IMPRINT)
Place of publication, distribution, etc New Delhi
Name of publisher, distributor, etc Allied Publishers
Date of publication, distribution, etc 2011
270 ## - ADDRESS
Address 1/13-14 Asaf Ali Road
City New Delhi
Postal code 110002
300 ## - PHYSICAL DESCRIPTION
Extent xii,274p.
Dimensions 24cm (Hb)
700 ## - ADDED ENTRY--PERSONAL NAME
9 (RLIN) 29668
Personal name Shaopeng, Zhou
942 ## - ADDED ENTRY ELEMENTS (KOHA)
Source of classification or shelving scheme Dewey Decimal Classification
Item type English Books
Call number suffix MIS
Classification part 338.951
Holdings
Withdrawn status Lost status Not for loan Collection code Home library Current library Date acquired Source of acquisition Cost, normal purchase price Full call number Barcode Copy number Cost, replacement price Koha item type
      Non-fiction Andrews Gunj Andrews Gunj 18/05/2012 Allied Pub/1786/25.01.2012/27/18.01.2012/06.02.2012 1050.00 338.951 MIS B-459174 1 1050.00 English Books
      Non-fiction Central Library Central Library 18/05/2012 Allied Pub/1786/25.01.2012/27/18.01.2012/06.02.2012 1050.00 338.951 MIS B-459169 1 1050.00 English Books
    Not For Loan Non-fiction D.B.Act.Division D.B.Act.Division 19/07/2011 DBAD/PUB 1050.00 338.951 MIS EN-86568 1 1050.00 English Books
      Non-fiction Janak Puri Janak Puri 18/05/2012 Allied Pub/1786/25.01.2012/27/18.01.2012/06.02.2012 1050.00 338.951 MIS B-459171 1 1050.00 English Books
      Non-fiction Karol Bagh Karol Bagh 18/05/2012 Allied Pub/1786/25.01.2012/27/18.01.2012/06.02.2012 1050.00 338.951 MIS B-459176 1 1050.00 English Books
      Non-fiction Narela Narela 18/05/2012 Allied Pub/1786/25.01.2012/27/18.01.2012/06.02.2012 1050.00 338.951 MIS B-459177 1 1050.00 English Books
      Non-fiction Patel Nagar Patel Nagar 18/05/2012 Allied Pub/1786/25.01.2012/27/18.01.2012/06.02.2012 1050.00 338.951 MIS B-459170 1 1050.00 English Books
      Non-fiction R.K.Puram-8 R.K.Puram-8 18/05/2012 Allied Pub/1786/25.01.2012/27/18.01.2012/06.02.2012 1050.00 338.951 MIS B-459173 1 1050.00 English Books
      Non-fiction Sarojini Nagar Sarojini Nagar 18/05/2012 Allied Pub/1786/25.01.2012/27/18.01.2012/06.02.2012 1050.00 338.951 MIS B-459172 1 1050.00 English Books
      Non-fiction Shahdara Branch Shahdara Branch 18/05/2012 Allied Pub/1786/25.01.2012/27/18.01.2012/06.02.2012 1050.00 338.951 MIS B-459178 1 1050.00 English Books
      Non-fiction Vinoba Puri Vinoba Puri 18/05/2012 Allied Pub/1786/25.01.2012/27/18.01.2012/06.02.2012 1050.00 338.951 MIS B-459175 1 1050.00 English Books

© Delhi Public Library
Hit Counter
free hit counter